[Event "GER-ch U25 op-B"]
[Site "Oberhof"]
[Date "2012.06.02"]
[Round "9"]
[White "Lange, Alina"]
[Black "Niewrzol, Anton"]
[Result "1/2-1/2"]
[WhiteElo "859"]
[BlackElo "896"]
[PlyCount "40"]
[EventDate "2012.05.27"]
[EventType "swiss"]
[EventRounds "9"]
[EventCountry "GER"]
[SourceTitle "CBM 148 Extra"]
[Source "ChessBase"]
[SourceDate "2012.06.22"]
[SourceVersion "1"]
[SourceVersionDate "2012.06.22"]
[SourceQuality "1"]

1. c4 e5 2. Nc3 Nf6 3. d3 d5 4. cxd5 Nxd5 5. Bd2 Bb4 6. Rc1 Bxc3 7. Bxc3 Nxc3 8. Rxc3 0-0 9. Nf3 Nc6 10. g3 Bd7 11. Bg2 Qf6 12. 0-0 Rfe8 13. e3 Bg4 14. Re1 e4 15. dxe4 Rxe4 16. Rd3 h6 17. h3 Bh5 18. Qe2 Rae8 19. g4 Bg6 20. Kf1 Bh7 1/2-1/2

[Event "GER-chB U25"]
[Site "Oberhof"]
[Date "2011.06.12"]
[Round "1"]
[White "Resch, Andreas"]
[Black "Niewrzol, Anton"]
[Result "1-0"]
[WhiteElo "1351"]
[BlackElo "835"]
[PlyCount "47"]
[EventDate "2011.06.11"]
[EventType "swiss"]
[EventRounds "9"]
[EventCountry "GER"]
[SourceTitle "CBM 142 Extra"]
[Source "ChessBase"]
[SourceDate "2011.06.27"]
[SourceVersion "1"]
[SourceVersionDate "2011.06.27"]
[SourceQuality "1"]

1. e4 e5 2. Nf3 Nc6 3. d4 d6 4. Bb5 Bd7 5. Nc3 Nf6 6. 0-0 Be7 7. Re1 0-0 8. Bxc6 Bxc6 9. Bg5 d5 10. Bxf6 Bxf6 11. dxe5 dxe4 12. Nxe4 Bxe5 13. Nxe5 Re8 14. Nxc6 Qxd1 15. Raxd1 bxc6 16. Nc5 h6 17. Rxe8+ Rxe8 18. Kf1 Kh7 19. Rd7 f5 20. Rxc7 Kg6 21. Rxc6+ Kg5 22. Ne6+ Kg6 23. Nc7+ Kg5 24. Nxe8 1-0